Растения в ландшафтной архитектуре методические указания к выполнению практических занятий для студентов по направлению подготовки 35.04.09 «ландшафтная архитектура»
Растения в ландшафтной архитектуре. Методические указания к выполнению практических занятий для студентов по направлению подготовки 35.04.09 «Ландшафтная архитектура». В методических указаниях представлены материалы для практических занятий, по разделам курса декоративные растения в разных стилях ла...
Gorde:
| Egile nagusia: | |
|---|---|
| Formatua: | Книга |
| Hizkuntza: | Russian |
| Argitaratua: |
Казань
КГАУ
2019
|
| Sarrera elektronikoa: | https://e.lanbook.com/book/138621 https://e.lanbook.com/img/cover/book/138621.jpg |
| Etiketak: |
Etiketa erantsi
Etiketarik gabe, Izan zaitez lehena erregistro honi etiketa jartzen!
|
| LEADER | 01853nam0a2200241 i 4500 | ||
|---|---|---|---|
| 001 | 138621 | ||
| 003 | RuSpLAN | ||
| 005 | 20221220174047.0 | ||
| 008 | 221220s2019 ru gs 000 0 rus | ||
| 040 | |a RuSpLAN | ||
| 041 | 0 | |a rus | |
| 044 | |a ru | ||
| 080 | |a 633/635 | ||
| 245 | 0 | 0 | |a Растения в ландшафтной архитектуре |b методические указания к выполнению практических занятий для студентов по направлению подготовки 35.04.09 «ландшафтная архитектура» |c Хакимова З. Г. |
| 260 | |a Казань |b КГАУ |c 2019 | ||
| 300 | |a 28 с. | ||
| 504 | |a Библиогр.: доступна в карточке книги, на сайте ЭБС Лань | ||
| 520 | 8 | |a Растения в ландшафтной архитектуре. Методические указания к выполнению практических занятий для студентов по направлению подготовки 35.04.09 «Ландшафтная архитектура». В методических указаниях представлены материалы для практических занятий, по разделам курса декоративные растения в разных стилях ландшафтной архитектуры, озеленение декоративных водоемов, создание живых изгородей и т.д. | |
| 521 | 8 | |a Книга из коллекции КГАУ - Лесное хозяйство и лесоинженерное дело | |
| 100 | 1 | |a Хакимова З. Г. | |
| 856 | 4 | |u https://e.lanbook.com/book/138621 | |
| 856 | 4 | 8 | |u https://e.lanbook.com/img/cover/book/138621.jpg |
| 953 | |a https://e.lanbook.com/img/cover/book/138621.jpg | ||